| 000 | 01216cab a2200205 4500 | ||
|---|---|---|---|
| 001 | ABS68541 | ||
| 008 | 041224n2004 000 0 eng u | ||
| 035 | _a(Sirsi) u128438 | ||
| 100 | _aWhitelaw, J. | ||
| 245 | _aDesigning for safety: the buck stops where? | ||
| 260 | _c2004 | ||
| 490 |
_aNew Civil Engineer _v 25 November 2004, 24-27(4) |
||
| 520 | _aLooks at new research by the "New Civil Engineer" which shows there is still a great deal of confusion or complacency over what can be achieved and who is responsible for taking the lead. Attitudes to health and safety were examined amongst a sample of designers, contractors and clients. Results showed 87% said designers could do more to boost safety, but only 8% believed most accidents on site were down to poor design. The HSE was thought to be in a position to help designers understand their responsibilities to safety by 72% of the sample. Concludes most accidents cannot be put down to a single cause and are usually a combination of design, site issues and bad luck. Graphs and diagrams. | ||
| 590 | _aABS | ||
| 650 | _aSITE ACCIDENTS | ||
| 650 | _aSITE SAFETY | ||
| 650 | _aDESIGN ISSUES | ||
| 690 |
_aHealth and safety _96244 |
||
| 942 | _n0 | ||
| 999 |
_c74702 _d74702 |
||